000
002600000a22000970004500
100
1
_a
Booij, Th.
245
1
0
_a
Psalm 101:2 --"When wilt thou come to me?"
300
_a
Vol. 38, Num 4 (Octubre, 1988), Páginas 458-462
773
0
_t
Vetus Testamentum
942
_c
ANA
999
_c
57442
_d
57442